Sexuality: encounters, identities, and relationships
| Contributors: | |
|---|---|
| Format: | Print Book |
| Language: | English |
| Published: |
Beverly Hills, London
Sage
1977
|
| In: |
Sage contemporary social science issues (35)
Year: 1977 |
| Availability in Tübingen: | Present in Tübingen. UB: KB 1 E 57 |
| Check availability: | HBZ Gateway |
| Subito Delivery Service: | Order now. |
| Keywords: |
MARC
| LEADER | 00000cam a22000002c 4500 | ||
|---|---|---|---|
| 001 | 1095713116 | ||
| 003 | DE-627 | ||
| 005 | 20251224220640.0 | ||
| 007 | tu | ||
| 008 | 910920s1977 xx ||||| 00| ||eng c | ||
| 035 | |a (DE-627)1095713116 | ||
| 035 | |a (DE-576)025713116 | ||
| 035 | |a (DE-599)BSZ025713116 | ||
| 035 | |a (OCoLC)03732916 | ||
| 035 | |a (DE-604)8051941902 | ||
| 040 | |a DE-627 |b ger |c DE-627 |e rakwb | ||
| 041 | |a eng | ||
| 082 | 0 | |a 306.7 | |
| 245 | 0 | 0 | |a Sexuality |b encounters, identities, and relationships |c Ed. by Carol A. B. Warren |
| 264 | 1 | |a Beverly Hills, London |b Sage |c 1977 | |
| 300 | |a 136 S. | ||
| 336 | |a Text |b txt |2 rdacontent | ||
| 337 | |a ohne Hilfsmittel zu benutzen |b n |2 rdamedia | ||
| 338 | |a Band |b nc |2 rdacarrier | ||
| 490 | 1 | |a Sage contemporary social science issues series |v 35 | |
| 583 | 1 | |a Archivierung prüfen |c 20200919 |f DE-640 |z 2 |2 pdager | |
| 689 | 0 | 0 | |d s |0 (DE-588)4054684-6 |0 (DE-627)104730374 |0 (DE-576)20911004X |a Sexualität |2 gnd |
| 689 | 0 | |5 (DE-627) | |
| 700 | 1 | |a Warren, Carol A. |e Hrsg. |0 (DE-627)1233481304 |0 (DE-576)16348130X |4 edt | |
| 830 | 0 | |a Sage contemporary social science issues |v 35 |9 35 |w (DE-627)168447703 |w (DE-576)009192530 |w (DE-600)752129-7 |7 am | |
| 951 | |a BO | ||
| ELC | |b 1 | ||
| LOK | |0 000 xxxxxcx a22 zn 4500 | ||
| LOK | |0 001 2172153664 | ||
| LOK | |0 003 DE-627 | ||
| LOK | |0 004 1095713116 | ||
| LOK | |0 005 20020606000000 | ||
| LOK | |0 008 910920||||||||||||||||ger||||||| | ||
| LOK | |0 040 |a DE-21 |c DE-627 |d DE-21 | ||
| LOK | |0 852 |a DE-21 | ||
| LOK | |0 852 1 |c KB 1 E 57 |9 00 | ||
| LOK | |0 935 |a krim | ||
| LOK | |0 936ln |a k9.5.1 | ||
| LOK | |0 939 |a 20-09-91 |b l01 | ||
| ORI | |a SA-MARC-krimdoka001.raw | ||
| SIG | |a UB: KB 1 E 57 | ||
